Pour l'Afrique contre l'indifférence et le cynisme
Salvato in:
| Natura: | Libro |
|---|---|
| Lingua: | francese |
| Pubblicazione: |
Paris
La Documentation francaise
2005
|
| Soggetti: | |
| Tags: |
Nessun Tag, puoi essere il primo ad aggiungerne!!
|
MARC
| LEADER | 00000nam$a2200000$$$4500 | ||
|---|---|---|---|
| 001 | 0115616 | ||
| 005 | 20240315121131.7 | ||
| 020 | |a 2-11-006006-9 | ||
| 041 | 0 | |a fre | |
| 044 | |a FR | ||
| 245 | 1 | 0 | |a Pour l'Afrique |b contre l'indifférence et le cynisme |c rapport de la Commission for Africa ; avant-propos de Jack Lang |
| 264 | 1 | |a Paris |b La Documentation francaise |c 2005 | |
| 300 | |a 177 s. | ||
| 610 | 2 | 0 | |a krajiny rozvojové |
| 610 | 2 | 0 | |a pomoc medzinárodná |
| 610 | 2 | 0 | |a komisie zabezpečenia sociálneho |
| 610 | 2 | 0 | |a úroveň životná |
| 610 | 2 | 0 | |a Afrika |